Fons del Museu de la Mediterrània de Torroella de Montgrí (I) / Marta Grassot i Radresa
ISBN:
978-84-393-7824-2
Publicado:
Barcelona :
Generalitat de Catalunya. Departament de Cultura i Mitjans de Comunicació ,
2009
Descripción Física:
XXIII, 438 p. ; 24 cm
MARC
| LEADER | 00000nam a2200000Ia 4500 | ||
|---|---|---|---|
| 001 | 21484 | ||
| 008 | 160829s2009 xx 000 0 cat d | ||
| 020 | |a 978-84-393-7824-2 | ||
| 080 | |a A-2-364 | ||
| 100 | |a Grassot i Radresa, Marta |9 42459 | ||
| 245 | |a Fons del Museu de la Mediterrània de Torroella de Montgrí (I) / Marta Grassot i Radresa | ||
| 260 | |a Barcelona : |b Generalitat de Catalunya. Departament de Cultura i Mitjans de Comunicació, |c 2009 | ||
| 300 | |a XXIII, 438 p. ; |c 24 cm | ||
| 490 | |a Inventaris dels fons musicals de Catalunya ; 3. Arxius i documents. Eines de recerca ; 6 | ||
| 590 | |a A la part superior de la portada: Direcció General del Patrimoni Cultural. Subdirecció General d'Arxius. | ||
| 650 | |a Museu de la Mediterrània de Torroella de Montgrí |x Arxius |x Catàlegs |9 42460 | ||
| 650 | |a Música |x Bibliografia |x Catàlegs |9 33969 | ||
| 650 | |a Sardana |x Bibliografia |x Catàlegs I |9 42461 | ||
| 650 | |a Cobla, Música per a |x Bibliografia |x Catàlegs |9 42462 | ||
| 650 | |a Música |x Manuscrits |x Torroella de Montgrí |x Catàlegs |9 42463 | ||
| 710 | 1 | |a Catalunya. |b Departament de Cultura i Mitjans de Comunicació |9 55890 | |
| 901 | |a Arxiu | ||
| 942 | |n 1 | ||
| 952 | |0 0 |1 0 |4 0 |6 A2364 |7 1 |9 50857 |a Arxiu |b Arxiu |d 2016-12-01 |l 0 |o A-2-364 |p 21484 |r 2016-12-01 00:00:00 |w 2016-12-01 |y ARXIU | ||
| 999 | |c 54699 |d 54699 | ||